[Event "Standard chess tournament 14/2/2013"]
[Site "SchemingMind.com"]
[Date "2013.03.09"]
[Round "-"]
[White "jrsanpedro"]
[Black "Glenn O'Brien"]
[Result "1-0"]
[WhiteCountry "ARG"]
[BlackCountry "AUS"]
[WhiteElo "2190"]
[WhiteRD "64"]
[BlackElo "2022"]
[BlackRD "80"]
[GameID "328306"]

1. e4 e5 2. Nf3 Nc6 3. Bb5 a6 4. Ba4 Nf6 5. O-O Be7 6. Re1 b5 7. Bb3 O-O 8. c3 d6 9. h3 Na5 10. Bc2 c5
11. d4 Qc7 12. Nbd2 cxd4 13. cxd4 Nc6 14. Nb3 a5 15. Be3 a4 16. Nbd2 Bd7 17. Rc1 Qb7 18. Qe2 Rfe8 19. Bd3 Rab8 20. dxe5 dxe5
21. Bc5 Nh5 22. g3 Nb4 23. Bxe7 Rxe7 24. Bb1 Rd8 25. Kg2 Qb6 26. a3 Nc6 27. Bd3 Na5 28. Qe3 Qd6 29. Red1 f6 30. Be2 Qe6
31. Ng1 Be8 32. Bg4 Qa6 33. Ne2 g6 34. Bxh5 gxh5 35. Nc3 Red7 36. Nd5 Bf7 37. Qh6 Bxd5 38. exd5 Rxd5 39. Ne4 Rxd1 40. Nxf6+ Kf7
41. Rc7+ R8d7 42. Qxh5+ Ke7 43. Qxh7+ Ke6 44. Nxd7 Qa8+ 45. f3 Rd2+ 46. Kg1 Rd1+ 47. Kf2 Rf1+ 48. Kxf1 Qxf3+ 49. Ke1 Qxg3+ 50. Kd1 Qf3+
51. Kc2 Qe2+ 52. Kb1 Qd1+ 53. Rc1 Qxd7 54. Qg6+ Ke7 55. Rf1 Qe8 56. Qg7+ Ke6 57. Rf6+ Kd5 58. Qg2+ Kc5 59. Qf2+ Kd5 60. Qd2+
1-0

[Event "Standard chess tournament 14/2/2013"]
[Site "SchemingMind.com"]
[Date "2013.03.09"]
[Round "-"]
[White "Glenn O'Brien"]
[Black "jrsanpedro"]
[Result "1/2-1/2"]
[WhiteCountry "AUS"]
[BlackCountry "ARG"]
[WhiteElo "2052"]
[WhiteRD "81"]
[BlackElo "2204"]
[BlackRD "61"]
[GameID "328307"]

1. e4 c5 2. Nf3 d6 3. d4 cxd4 4. Nxd4 Nf6 5. Nc3 a6 6. Bg5 e6 7. f4 Be7 8. Qf3 Qc7 9. O-O-O Nbd7 10. g4 b5
11. Bxf6 Nxf6 12. g5 Nd7 13. f5 Bxg5+ 14. Kb1 Ne5 15. Qh5 Qd8 16. h4 Bf6 17. fxe6 O-O 18. Bh3 Kh8 19. Nd5 fxe6 20. Bxe6 Bb7
21. Rdf1 Qe8 22. Qd1 Bxd5 23. Bxd5 Rc8 24. Ne6 Rf7 25. Rf5 Re7 26. Ng5 h6 27. Qf1 Nd7 28. Qf4 Nb6 29. Bb3 Be5 30. Nf7+ Kh7
31. Qg4 Nc4 32. Bxc4 Rxc4 33. Rhf1 Rc8 34. h5 Re6 35. c3 Rc7 36. R1f3 b4 37. Nxe5 Rxe5 38. Rxe5 dxe5=
1/2-1/2

[Event "Standard chess tournament 14/2/2013"]
[Site "SchemingMind.com"]
[Date "2013.03.31"]
[Round "-"]
[White "rookie31"]
[Black "Glenn O'Brien"]
[Result "1-0"]
[WhiteCountry "IND"]
[BlackCountry "AUS"]
[WhiteElo "2176"]
[WhiteRD "59"]
[BlackElo "2052"]
[BlackRD "81"]
[GameID "329458"]

1. d4 Nf6 2. c4 e6 3. Nf3 b6 4. g3 Ba6 5. b3 Bb4+ 6. Bd2 Be7 7. Bg2 c6 8. O-O d5 9. Bc3 Nbd7 10. Qd3 O-O
11. Bb2 c5 12. Nbd2 cxd4 13. Qxd4 Bb4 14. Rfd1 Rc8 15. cxd5 Bc5 16. Qa4 Bxe2 17. dxe6 b5 18. Qh4 fxe6 19. Re1 Bxf3 20. Nxf3 Qb6
21. Re2 a5 22. Bh3 Rfe8 23. Rae1 Rc6 24. Ng5 Nf8 25. Qf4 Bd6 26. Qf3 Bb4 27. Bxf6 gxf6 28. Qxf6 Qb7 29. Bg2 Bxe1 30. Bxc6 Qxc6
31. Qf7+ Kh8 32. Rxe1 e5 33. Rxe5 Rd8 34. Nf3 a4 35. Nd4 Qg6 36. Qe7 Rc8 37. Rf5 Qg7 38. Rf7 Ne6 39. Nxe6 Qh6 40. Nd8 Qc1+
41. Kg2 Qf1+ 42. Kxf1 Rc1+ 43. Kg2 Rg1+ 44. Kxg1 h5 45. Rf8#
1-0

[Event "Standard chess tournament 14/2/2013"]
[Site "SchemingMind.com"]
[Date "2013.03.30"]
[Round "-"]
[White "rookie31"]
[Black "jrsanpedro"]
[Result "1/2-1/2"]
[WhiteCountry "IND"]
[BlackCountry "ARG"]
[WhiteElo "2176"]
[WhiteRD "59"]
[BlackElo "2204"]
[BlackRD "61"]
[GameID "329459"]

1. d4 Nf6 2. c4 e6 3. Nc3 Bb4 4. Nf3 c5 5. Bg5 h6 6. Bh4 d6 7. e3 Qa5 8. Qc2 Ne4 9. Rc1 cxd4 10. exd4 d5
11. cxd5 exd5 12. Bd3 Nxc3 13. bxc3 Bd6 14. Qe2+ Be6 15. Bf5 Qa6 16. Rc2 Bf4 17. Bg3 O-O 18. Bxe6 fxe6 19. Bxf4 Rxf4 20. Qxa6 Nxa6
21. Re2 Nc7 22. Kd2 Raf8 23. Rb1 b5 24. Ke1 a6 25. Ne5 Kh7 26. f3 Rc8 27. Kd2 Rff8 28. Nd7 Rfd8 29. Nc5 Rd6 30. Rbe1 Rc6
31. h4 g6 32. Re5 a5=
1/2-1/2

[Event "Standard chess tournament 14/2/2013"]
[Site "SchemingMind.com"]
[Date "2013.03.31"]
[Round "-"]
[White "Glenn O'Brien"]
[Black "rookie31"]
[Result "0-1"]
[WhiteCountry "AUS"]
[BlackCountry "IND"]
[WhiteElo "2052"]
[WhiteRD "81"]
[BlackElo "2176"]
[BlackRD "59"]
[GameID "329460"]

1. e4 c6 2. d4 d5 3. Nc3 dxe4 4. Nxe4 Bf5 5. Nh3 Bxe4 6. c4 e6 7. Ng5 Bf5 8. Be2 Bb4+ 9. Kf1 Nf6 10. Qb3 Qe7
11. c5 Nd5 12. a3 Ba5 13. h4 h6 14. Nf3 O-O 15. Ne5 b5 16. cxb6 axb6 17. g4 Be4 18. f3 Bh7 19. g5 h5 20. f4 Be4
21. Bf3 Bxf3 22. Qxf3 g6 23. Rh3 Rd8 24. Rb1 b5 25. b4 Bb6 26. Bb2 Qc7 27. Re1 Ne7 28. Qe4 Nf5 29. Rd1 Rd5 30. Nf3 Ra4
31. Rd3 Na6 32. Rd1 c5 33. Rc1 Qb8 34. Ne5 cxb4 35. Nc6 Qd6 36. axb4 Nxb4 37. Nxb4 Qxb4 38. Rcc3 Qxb2
0-1

[Event "Standard chess tournament 14/2/2013"]
[Site "SchemingMind.com"]
[Date "2013.03.30"]
[Round "-"]
[White "jrsanpedro"]
[Black "rookie31"]
[Result "1/2-1/2"]
[WhiteCountry "ARG"]
[BlackCountry "IND"]
[WhiteElo "2204"]
[WhiteRD "61"]
[BlackElo "2176"]
[BlackRD "59"]
[GameID "329461"]

1. d4 Nf6 2. c4 e6 3. Nf3 d5 4. Nc3 c6 5. e3 Nbd7 6. Bd3 Bd6 7. O-O O-O 8. e4 dxc4 9. Bxc4 e5 10. Be3 exd4
11. Bxd4 Qc7 12. Qc2 Ne5 13. Nxe5 Bxe5 14. Bxe5 Qxe5 15. Be2 Re8 16. Rad1 b5 17. a3 a5 18. b4 axb4 19. axb4 Ra3 20. Nb1 Ra4
21. Qxc6 Rxb4 22. Nc3 Bb7 23. Qxb7 Qxc3 24. Rb1 Nxe4 25. Bxb5 Rxb1 26. Rxb1 Nd6 27. Qc6 Qxc6 28. Bxc6=
1/2-1/2

[Event "Standard chess tournament 14/2/2013"]
[Site "SchemingMind.com"]
[Date "2013.04.09"]
[Round "-"]
[White "Adrian Grajczak"]
[Black "Glenn O'Brien"]
[Result "1-0"]
[WhiteCountry "POL"]
[BlackCountry "AUS"]
[WhiteElo "2253"]
[WhiteRD "67"]
[BlackElo "2042"]
[BlackRD "83"]
[GameID "329901"]

1. d4 Nf6 2. c4 e6 3. g3 d5 4. Nf3 dxc4 5. Bg2 Nc6 6. O-O a6 7. e3 Bd7 8. Qe2 b5 9. b3 cxb3 10. axb3 Bd6
11. Bb2 O-O 12. Rc1 Nd5 13. Ne5 Nxe5 14. dxe5 Bb4 15. Nc3 c6 16. Nxd5 cxd5 17. e4 dxe4 18. Qxe4 Qe7 19. Rc7 a5 20. Qb7 Rad8
21. Qa7 Qe8 22. h4 Kh8 23. Kh2 a4 24. Rd1 a3 25. Bxa3 Bxa3 26. Qxa3 b4 27. Qxb4 Kg8 28. Be4 Rb8 29. Qd6 Bb5 30. Qc5 Kh8
31. Qa7 Kg8 32. Rd6 g6 33. h5 gxh5 34. Qe3 f5 35. exf6 Rf7 36. Qg5+ Kh8 37. Re7 Qf8 38. Rdxe6 Be8 39. Qg7+ Qxg7 40. fxg7+ Kxg7
41. Rxe8 Rxf2+ 42. Kg1 Rxe8 43. Rxe8 Re2 44. b4 Re3 45. Kf2 Rb3 46. Rb8 Rb2+ 47. Kf3 Rb3+ 48. Kf4 Rb2 49. b5 Rf2+ 50. Ke3 Rb2
51. b6 h4 52. gxh4 Kh6 53. b7 Kh5 54. Rh8 Kg4 55. b8=Q Rxb8 56. Rxb8 Kg3 57. Rg8+ Kh3 58. Bxh7 Kh2 59. Bf5
1-0

[Event "Standard chess tournament 14/2/2013"]
[Site "SchemingMind.com"]
[Date "2013.04.08"]
[Round "-"]
[White "Adrian Grajczak"]
[Black "jrsanpedro"]
[Result "1/2-1/2"]
[WhiteCountry "POL"]
[BlackCountry "ARG"]
[WhiteElo "2191"]
[WhiteRD "70"]
[BlackElo "2160"]
[BlackRD "66"]
[GameID "329902"]

1. d4 Nf6 2. c4 e6 3. g3 c5 4. d5 exd5 5. cxd5 d6 6. Nc3 g6 7. Bg2 Bg7 8. Nf3 O-O 9. O-O Re8 10. Re1 a6
11. a4 Nbd7 12. e4 Ng4 13. Qc2 b6 14. Bf4 Nge5 15. Nd2 g5 16. Be3 Ng4 17. Nc4 Nxe3 18. Rxe3 Ne5 19. Nxe5 Bxe5 20. Rf1 b5
21. Ne2 bxa4 22. f4 Bg7 23. e5 dxe5 24. fxg5 Qxg5 25. Ra3 Rb8 26. Qxa4 Rd8 27. Qc2 e4 28. Qxe4 Rxb2 29. Qf3 Rd7 30. Nf4 Bb7
31. Kh1 Rd8 32. Rb3 Rxb3 33. Qxb3 Qe7 34. Rb1 Ba8 35. Qc4 Qd6 36. Re1 Be5 37. Nd3 Bd4 38. Nf4 Bg7 39. Bf3 Bb7 40. Qa4 Be5
41. Nd3 f6 42. Nxe5 fxe5 43. Qg4+ Kh8 44. Rd1 Rf8 45. Kg2 Rd8 46. Qh4 Rf8 47. Be4 h6 48. Bf3 Rc8 49. Qc4 Rf8=
1/2-1/2

[Event "Standard chess tournament 14/2/2013"]
[Site "SchemingMind.com"]
[Date "2013.04.08"]
[Round "-"]
[White "Adrian Grajczak"]
[Black "rookie31"]
[Result "1-0"]
[WhiteCountry "POL"]
[BlackCountry "IND"]
[WhiteElo "2173"]
[WhiteRD "67"]
[BlackElo "2128"]
[BlackRD "63"]
[GameID "329903"]

1. d4 Nf6 2. c4 e6 3. g3 d5 4. Nf3 c6 5. Bg2 Nbd7 6. O-O Be7 7. Nbd2 O-O 8. Qc2 b6 9. e4 Bb7 10. e5 Ne8
11. cxd5 cxd5 12. Re1 Rc8 13. Qb3 Rc6 14. Nf1 a5 15. Be3 Ba6 16. Rec1 Bc4 17. Qd1 Qc7 18. Bg5 Bxg5 19. Nxg5 h6 20. Nf3 Ba6
21. Rxc6 Qxc6 22. Rc1 Qb5 23. Qd2 Qd3 24. Qxd3 Bxd3 25. Ne3
1-0

[Event "Standard chess tournament 14/2/2013"]
[Site "SchemingMind.com"]
[Date "2013.04.09"]
[Round "-"]
[White "Glenn O'Brien"]
[Black "Adrian Grajczak"]
[Result "1/2-1/2"]
[WhiteCountry "AUS"]
[BlackCountry "POL"]
[WhiteElo "2058"]
[WhiteRD "80"]
[BlackElo "2173"]
[BlackRD "67"]
[GameID "329905"]

1. e4 c5 2. Nf3 d6 3. d4 cxd4 4. Nxd4 Nf6 5. Nc3 a6 6. Bg5 e6 7. f4 Qb6 8. Qd2 Qxb2 9. Rb1 Qa3 10. f5 Nc6
11. fxe6 fxe6 12. Nxc6 bxc6 13. e5 dxe5 14. Bxf6 gxf6 15. Ne4 Qxa2 16. Rd1 Be7 17. Be2 O-O 18. O-O f5 19. Qh6 Qxc2 20. Rd3 Bc5+
21. Kh1 Qxe2 22. Rg3+ Kf7 23. Rxf5+ Ke8 24. Rxf8+ Bxf8 25. Nf6+ Kf7 26. Qxh7+ Kxf6 27. Rg6+ Kf5 28. Rg3+ Kf6=
1/2-1/2

[Event "Standard chess tournament 14/2/2013"]
[Site "SchemingMind.com"]
[Date "2013.04.09"]
[Round "-"]
[White "jrsanpedro"]
[Black "Adrian Grajczak"]
[Result "1/2-1/2"]
[WhiteCountry "ARG"]
[BlackCountry "POL"]
[WhiteElo "2185"]
[WhiteRD "62"]
[BlackElo "2173"]
[BlackRD "67"]
[GameID "329906"]

1. e4 c5 2. Nf3 d6 3. d4 cxd4 4. Nxd4 Nf6 5. Nc3 a6 6. Be2 e5 7. Nb3 Be7 8. O-O O-O 9. Be3 Be6 10. f4 exf4
11. Bxf4 Nc6 12. Kh1 Rc8 13. Qe1 Ne5 14. Rd1 Nfd7 15. Nd4 Bh4 16. Qd2 Re8 17. Nxe6 Rxe6 18. a3 Bf6 19. Nd5 h6 20. c3 Bg5
21. Bxg5 Qxg5 22. Qxg5 hxg5 23. b4 Nf6 24. Nxf6+=
1/2-1/2

[Event "Standard chess tournament 14/2/2013"]
[Site "SchemingMind.com"]
[Date "2013.04.09"]
[Round "-"]
[White "rookie31"]
[Black "Adrian Grajczak"]
[Result "0-1"]
[WhiteCountry "IND"]
[BlackCountry "POL"]
[WhiteElo "2128"]
[WhiteRD "63"]
[BlackElo "2173"]
[BlackRD "67"]
[GameID "329907"]

1. d4 d5 2. c4 e6 3. Nf3 Nf6 4. Nc3 Be7 5. cxd5 exd5 6. Bg5 Nbd7 7. Qc2 O-O 8. e3 c6 9. Bd3 Re8 10. O-O h6
11. Bh4 Nf8 12. Rfe1 Be6 13. Qb3 Qb6 14. Qxb6 axb6 15. Ne5 b5 16. Rec1 b4 17. Ne2 N8d7 18. Nf3 Ra7 19. h3 g5 20. Bg3 Rea8
21. Bb1 Ne4
0-1

[Event "Standard chess tournament 14/2/2013"]
[Site "SchemingMind.com"]
[Date "2013.04.11"]
[Round "-"]
[White "mi_di"]
[Black "Glenn O'Brien"]
[Result "1-0"]
[WhiteCountry "MEX"]
[BlackCountry "AUS"]
[WhiteElo "2371"]
[WhiteRD "86"]
[BlackElo "2042"]
[BlackRD "83"]
[GameID "330034"]

1. e4 e5 2. Nf3 Nc6 3. Bc4 Nf6 4. Ng5 d5 5. exd5 Na5 6. Bb5+ c6 7. dxc6 bxc6 8. Bd3 Nd5 9. h4 f6 10. Qh5+ Kd7
11. Bf5+ Kc7 12. Bxc8 Qxc8 13. Ne4 Qe6 14. d3 Nb4 15. Qe2 Nxa2 16. Bd2 Nb7 17. O-O Nb4 18. Na3 Be7 19. Bxb4 Bxb4 20. Nc4 Qe7
21. c3 Bc5 22. b4 Bb6 23. Ra6 Rad8 24. Rfa1 Rd7 25. Nxb6 axb6 26. Qe3 c5 27. bxc5 bxc5 28. Ra7 Rd5 29. R1a5 Kb6 30. Nxc5 Qxc5
31. R7a6+ Kc7 32. Rxc5+ Nxc5 33. Qf3 Rhd8 34. Ra7+ Kb6 35. Rxg7 R8d6 36. Rxh7 Rxd3 37. Qa8 Rxc3 38. Qb8+ Kc6 39. Rc7+ Kd5 40. Qg8+ Kd4
41. Qg4+ Kd5 42. h5 Ne4 43. Rxc3 Nxc3 44. Qf3+ Kc4 45. h6 e4 46. Qg4 f5 47. Qg8+ Nd5 48. h7 Rh6 49. h8=Q Rxh8 50. Qxh8 f4
51. Qc8+ Kd4 52. Qf5 e3 53. Kf1 Kc4 54. Qe4+ Kc5 55. g4 fxg3 56. fxg3 e2+ 57. Qxe2 Kd4 58. g4 Nf4 59. Qe8
1-0

[Event "Standard chess tournament 14/2/2013"]
[Site "SchemingMind.com"]
[Date "2013.04.11"]
[Round "-"]
[White "mi_di"]
[Black "jrsanpedro"]
[Result "1-0"]
[WhiteCountry "MEX"]
[BlackCountry "ARG"]
[WhiteElo "2364"]
[WhiteRD "88"]
[BlackElo "2185"]
[BlackRD "62"]
[GameID "330035"]

1. e4 c5 2. Nf3 d6 3. d4 cxd4 4. Nxd4 Nf6 5. Nc3 a6 6. Be2 e6 7. O-O Be7 8. f4 O-O 9. Be3 Qc7 10. a4 Nc6
11. Kh1 Re8 12. Bf3 Nd7 13. Qe1 Nb6 14. b3 Bf6 15. e5 dxe5 16. Nxc6 e4 17. Nxe4 Bxa1 18. Qa5 Nd5 19. Qxc7 Nxc7 20. Nd6 Bd7
21. Nxe8 Rxe8 22. Na5 Nd5 23. Bf2 Bf6 24. Nxb7 Nxf4 25. Rd1 Bc8 26. Nd6 Rf8 27. c4 e5 28. b4 Be6 29. b5 axb5 30. axb5 Be7
31. b6 f5 32. Bc6 e4 33. c5 Nd3 34. Bd4 Nb4 35. Bb5 Ra8 36. Ra1
1-0

[Event "Standard chess tournament 14/2/2013"]
[Site "SchemingMind.com"]
[Date "2013.04.15"]
[Round "-"]
[White "mi_di"]
[Black "rookie31"]
[Result "1-0"]
[WhiteCountry "MEX"]
[BlackCountry "IND"]
[WhiteElo "2364"]
[WhiteRD "88"]
[BlackElo "2128"]
[BlackRD "63"]
[GameID "330036"]

1. e4 e5 2. Nf3 Nc6 3. d4 exd4 4. Nxd4 Bc5 5. Nb3 Bb6 6. Nc3 Qh4 7. g3 Qf6 8. Qe2 Nge7 9. Be3 Bxe3 10. Qxe3 d6
11. O-O-O O-O 12. f4 Re8 13. Be2 a6 14. g4 b5 15. g5 Qe6 16. Qf2 Bb7 17. f5
1-0

[Event "Standard chess tournament 14/2/2013"]
[Site "SchemingMind.com"]
[Date "2013.04.15"]
[Round "-"]
[White "mi_di"]
[Black "Adrian Grajczak"]
[Result "1-0"]
[WhiteCountry "MEX"]
[BlackCountry "POL"]
[WhiteElo "2371"]
[WhiteRD "86"]
[BlackElo "2253"]
[BlackRD "67"]
[GameID "330038"]

1. e4 c5 2. Nf3 d6 3. d4 cxd4 4. Nxd4 Nf6 5. Nc3 a6 6. Be3 e5 7. Nb3 Be6 8. f3 Be7 9. Qd2 O-O 10. O-O-O Nbd7
11. g4 b5 12. Rg1 b4 13. Nd5 Bxd5 14. exd5 a5 15. g5 Nh5 16. Kb1 a4 17. Nc1 Qa5 18. Nd3 Rfb8 19. Rg4 f5 20. Rxb4 Qxd5
21. a3 f4 22. Rxb8+ Rxb8 23. Nb4 Qxd2 24. Bxd2 Bxg5 25. Be1 Rb6 26. Bf2 Nc5 27. Nd5 Rb8 28. Nc3 Rd8 29. Bxc5 dxc5 30. Re1 g6
31. Bc4+ Kf8 32. Nxa4 Rd4 33. c3 Bh4 34. Rxe5 Rd1+ 35. Kc2 Rh1 36. Nxc5 Rxh2+ 37. Kb3 Bf6 38. Nd7+ Kg7 39. Nxf6 Kxf6 40. Re6+ Kg5
41. a4 Ng7 42. Re2 Rxe2 43. Bxe2
1-0

[Event "Standard chess tournament 14/2/2013"]
[Site "SchemingMind.com"]
[Date "2013.04.11"]
[Round "-"]
[White "Glenn O'Brien"]
[Black "mi_di"]
[Result "0-1"]
[WhiteCountry "AUS"]
[BlackCountry "MEX"]
[WhiteElo "2056"]
[WhiteRD "82"]
[BlackElo "2364"]
[BlackRD "85"]
[GameID "330039"]

1. e4 e5 2. Nf3 Nc6 3. Bb5 a6 4. Ba4 Nf6 5. O-O b5 6. Bb3 Bb7 7. d3 Bc5 8. Be3 d6 9. Nc3 Bxe3 10. fxe3 Na5
11. Rb1 O-O 12. Qe1 c5 13. Bd5 Nxd5 14. Nxd5 f5 15. Rd1 fxe4 16. dxe4 Nc4 17. c3 Nxb2 18. Rd2 Nc4 19. Rd3 Bxd5 20. Rxd5 Qa5
21. Rf2 Rf6 22. Rd3 Raf8 23. Kh1 g5 24. h3 Qc7 25. Re2 Qb7 26. Rd5 Rxf3 27. gxf3 Rxf3 28. Qg1 Rxh3+ 29. Rh2 Rxh2+ 30. Kxh2 h6
31. Qg4 Qf7 32. Qe6 Qxe6 33. Rd3 Qg4 34. Rxd6 Nxd6 35. a4 Nxe4 36. Kh1 Qg3 37. axb5 Nf2#
0-1

[Event "Standard chess tournament 14/2/2013"]
[Site "SchemingMind.com"]
[Date "2013.04.11"]
[Round "-"]
[White "jrsanpedro"]
[Black "mi_di"]
[Result "1/2-1/2"]
[WhiteCountry "ARG"]
[BlackCountry "MEX"]
[WhiteElo "2175"]
[WhiteRD "68"]
[BlackElo "2371"]
[BlackRD "86"]
[GameID "330040"]

1. d4 d5 2. c4 c6 3. Nf3 Nf6 4. Nc3 e6 5. e3 Nbd7 6. Bd3 dxc4 7. Bxc4 b5 8. Bd3 Bb7 9. e4 b4 10. Na4 c5
11. e5 Nd5 12. O-O cxd4 13. Re1 a6 14. Nxd4 g6 15. Nf3 Qb8 16. Qc2 Bg7 17. Nc5 b3 18. Nxd7 bxc2 19. Nxb8 Nb4 20. Nxa6 Nxd3
21. Nc7+ Ke7 22. Nxa8 Nxe1 23. Bg5+ Kd7 24. Nb6+ Kc6 25. Nxe1 Kxb6 26. Bf4 Rc8 27. Rc1 g5 28. Be3+ Ka6 29. Rxc2 Rxc2 30. Nxc2 Be4
31. Na3 Bxe5 32. Nc4 Bg7 33. b4 Bf8 34. a3 f6 35. Bd4 e5 36. Bc3 Bc2 37. g4 Kb5 38. Nb2 Be4 39. a4+ Kc6 40. Kf1 Bf3
41. h3 h5 42. gxh5 Bxh5 43. Kg2 Bf7 44. h4 gxh4 45. Kh3 Bh5 46. Kxh4 Be2 47. Bd2 Kd5 48. Be1 Bh6 49. Bc3 Bc1 50. a5 Kc6
51. Na4 Bh6 52. Bb2 Bb5 53. Nc3 Bd3 54. Kg4 Bd2 55. Kh5 e4 56. b5+=
1/2-1/2

[Event "Standard chess tournament 14/2/2013"]
[Site "SchemingMind.com"]
[Date "2013.04.15"]
[Round "-"]
[White "rookie31"]
[Black "mi_di"]
[Result "1/2-1/2"]
[WhiteCountry "IND"]
[BlackCountry "MEX"]
[WhiteElo "2141"]
[WhiteRD "66"]
[BlackElo "2364"]
[BlackRD "85"]
[GameID "330041"]

1. e4 e5 2. Nf3 Nc6 3. Bb5 a6 4. Ba4 Nf6 5. O-O Nxe4 6. Re1 Nc5 7. Bxc6 dxc6 8. Nxe5 Be6 9. Qh5 g6 10. Qf3 Be7
11. Nc3 Nd7 12. d3 Nxe5 13. Rxe5 Qd7 14. Bg5 Bxg5 15. Rxg5 f5 16. Rg3 O-O-O 17. Qe3 Rhe8 18. Qa7 Qd4 19. Qxd4 Rxd4 20. Re3 Kd7
21. a3 c5 22. Rae1 Bf7 23. b3 Rd6 24. Rxe8 Bxe8 25. Kf1 Re6 26. Rxe6 Kxe6 27. f4 Bc6 28. Nd1 b5 29. b4 Kd6 30. c3 Bd5
31. Ne3 Be6 32. Ke2 Kc6 33. h3 Kd6 34. Kf3 Kc6 35. Kg3 cxb4 36. cxb4 a5 37. d4 h6 38. Kh4 a4 39. g3 Bc4=
1/2-1/2

[Event "Standard chess tournament 14/2/2013"]
[Site "SchemingMind.com"]
[Date "2013.04.15"]
[Round "-"]
[White "Adrian Grajczak"]
[Black "mi_di"]
[Result "0-1"]
[WhiteCountry "POL"]
[BlackCountry "MEX"]
[WhiteElo "2178"]
[WhiteRD "68"]
[BlackElo "2401"]
[BlackRD "92"]
[GameID "330043"]

1. d4 Nf6 2. c4 c5 3. d5 e6 4. Nc3 exd5 5. cxd5 d6 6. g3 g6 7. Bg2 Bg7 8. Nf3 O-O 9. O-O Re8 10. Re1 a6
11. a4 Nbd7 12. Bf4 Ng4 13. a5 Nde5 14. Nxe5 Nxe5 15. Qc2 Bd7 16. Ne4 Qc7 17. Rec1 Bf5 18. Ra3 b5 19. axb6 Qxb6 20. Rb3 Qa7
21. Ra1 a5 22. Bd2 Qe7 23. Rxa5 Rxa5 24. Bxa5 h5 25. Bc3 h4 26. h3 hxg3 27. fxg3 Bh6 28. Kh2= Kf8 29. Bf3 Bg5 30. Ra3 Nc4
31. Qa4 Nxa3 32. Nxg5 Qxg5 33. Qxa3 Qe3 34. Kg2 Bc2 35. Qa6 Qe7 36. g4 Be4 37. Kg3 Bxf3 38. exf3 g5 39. Qd3 Qe3 40. Qxe3 Rxe3
41. Bf6 Re2 42. Bxg5 Rxb2 43. h4 Rb1 44. h5 Rd1 45. Bf6 Rxd5 46. Kf2 c4 47. Ke2 Rd3 48. g5 Rd5 49. h6 Kg8 50. f4 Rf5
51. Be7 Rxf4 52. Bxd6 Rf5 53. Ba3 Rxg5 54. Bc1 Rh5 55. Bd2 Kh7
0-1

[Event "Standard chess tournament 14/2/2013"]
[Site "SchemingMind.com"]
[Date "2013.04.11"]
[Round "-"]
[White "Ebanon "]
[Black "Glenn O'Brien"]
[Result "1-0"]
[WhiteCountry "ESP"]
[BlackCountry "AUS"]
[WhiteElo "2311"]
[WhiteRD "68"]
[BlackElo "2058"]
[BlackRD "80"]
[GameID "330108"]

1. e4 e5 2. Nf3 Nc6 3. Bb5 a6 4. Ba4 Nf6 5. O-O Be7 6. Re1 b5 7. Bb3 O-O 8. c3 d6 9. h3 Na5 10. Bc2 c5
11. d4 Qc7 12. d5 Bd7 13. Qe2 Rab8 14. b3 Qd8 15. Be3 Rc8 16. Nbd2 Rc7 17. Reb1 Re8 18. a4 bxa4 19. bxa4 Qa8 20. Rb6 Bc8
21. Nf1 Nd7 22. Rab1 Nxb6 23. Rxb6 Qa7 24. Rb1 Rb7 25. Ra1 Bd7 26. Ng3 Reb8 27. Nf5 Bxf5 28. exf5 Nb3 29. Re1 Kf8 30. Qd3 Rb6
31. f6 Bxf6 32. Qxh7 Qc7 33. Bg5 Bxg5 34. Nxg5 Qb7 35. Qh8+ Ke7 36. Qxg7 Qxd5 37. Rd1 Qc4 38. Bf5 Na5 39. Nh7 Qh4 40. Bg4 Rb1
41. Rxb1 Rxb1+ 42. Kh2 Rb8 43. g3 Rg8 44. Qxg8
1-0

[Event "Standard chess tournament 14/2/2013"]
[Site "SchemingMind.com"]
[Date "2013.04.15"]
[Round "-"]
[White "Ebanon "]
[Black "mi_di"]
[Result "1-0"]
[WhiteCountry "ESP"]
[BlackCountry "MEX"]
[WhiteElo "2311"]
[WhiteRD "68"]
[BlackElo "2364"]
[BlackRD "88"]
[GameID "330109"]

1. e4 e6 2. d4 d5 3. Nc3 Nf6 4. Bg5 Be7 5. e5 Nfd7 6. Bxe7 Qxe7 7. f4 a6 8. Nf3 c5 9. Qd2 Nc6 10. dxc5 O-O
11. Na4 Nxc5 12. Nxc5 Qxc5 13. O-O-O Bd7 14. Kb1 Rfc8 15. h4 Ne7 16. g4 Ba4 17. Rc1 Bb5 18. c3 Qb6 19. h5 Nc6 20. f5 Qd8
21. Qf4 Rc7 22. f6 Qf8 23. g5 g6 24. hxg6 fxg6 25. Rh6
1-0

[Event "Standard chess tournament 14/2/2013"]
[Site "SchemingMind.com"]
[Date "2013.04.11"]
[Round "-"]
[White "Ebanon "]
[Black "jrsanpedro"]
[Result "1-0"]
[WhiteCountry "ESP"]
[BlackCountry "ARG"]
[WhiteElo "2199"]
[WhiteRD "82"]
[BlackElo "2190"]
[BlackRD "64"]
[GameID "330110"]

1. e4 c5 2. Nf3 d6 3. d4 cxd4 4. Nxd4 Nf6 5. Nc3 e6 6. g4 h6 7. h4 Be7 8. Qf3 Nc6 9. Nxc6 bxc6 10. g5 Nd7
11. gxh6 gxh6 12. Bf4 e5 13. Be3 Nf6 14. Bc4 Bg4 15. Qg2 Rg8 16. f3 Bh5 17. Qf1 Rg3 18. Rh3 Rxh3 19. Qxh3 Nd7 20. O-O-O Bf8
21. Bb3 Nb6 22. Kb1 Qe7 23. Ne2 Qf6 24. Rf1 Bg7 25. Ng3 Bg6 26. h5 Bh7 27. Qg4 Rb8 28. a4 d5 29. a5 Nd7 30. Bxa7 Ra8
31. Bb6 Bh8 32. Rd1
1-0

[Event "Standard chess tournament 14/2/2013"]
[Site "SchemingMind.com"]
[Date "2013.04.15"]
[Round "-"]
[White "Ebanon "]
[Black "rookie31"]
[Result "1-0"]
[WhiteCountry "ESP"]
[BlackCountry "IND"]
[WhiteElo "2311"]
[WhiteRD "68"]
[BlackElo "2128"]
[BlackRD "63"]
[GameID "330111"]

1. e4 c6 2. d4 d5 3. Nd2 dxe4 4. Nxe4 Bf5 5. Ng3 Bg6 6. h4 h6 7. Nf3 e6 8. Ne5 Bh7 9. Bd3 Bxd3 10. Qxd3 Nd7
11. Bf4 Nxe5 12. Bxe5 Nf6 13. O-O-O Qa5 14. Kb1 O-O-O 15. Ne2 Be7 16. Qf3 Rd7 17. Nf4 Rhd8 18. Nd3 Qd5 19. Qg3 Ne8 20. Rde1 g5
21. hxg5 hxg5 22. Qh3 f6 23. Bh2 Ng7 24. f4 gxf4 25. c3 Qb5 26. Nxf4 Ba3 27. Nd3
1-0

[Event "Standard chess tournament 14/2/2013"]
[Site "SchemingMind.com"]
[Date "2013.04.11"]
[Round "-"]
[White "Ebanon "]
[Black "Adrian Grajczak"]
[Result "1-0"]
[WhiteCountry "ESP"]
[BlackCountry "POL"]
[WhiteElo "2328"]
[WhiteRD "71"]
[BlackElo "2253"]
[BlackRD "67"]
[GameID "330113"]

1. e4 c5 2. Nf3 d6 3. d4 cxd4 4. Nxd4 Nf6 5. Nc3 a6 6. Be3 e5 7. Nb3 Be6 8. Qd2 Be7 9. O-O-O Ng4 10. g3 Nxe3
11. Qxe3 Nd7 12. h4 O-O 13. f4 Qb6 14. Qxb6 Nxb6 15. f5 Bd7 16. Na5 Rab8 17. Nc4 Nxc4 18. Bxc4 Rfc8 19. Be2 b5 20. Nd5 Kf8
21. g4 Bd8 22. g5 a5 23. f6 Be6 24. Rhf1 b4 25. fxg7+ Kxg7 26. Kb1 Rc5 27. Ne3 Be7 28. Nf5+ Bxf5 29. Rxf5 Rf8 30. Rg1 Rcc8
31. b3 Rc3 32. Bd3 Rc7 33. Bc4 Bd8 34. Rgf1 a4 35. h5 axb3 36. cxb3 Ra7 37. Bd5 Bb6 38. R5f3 Bc5 39. Rf6 Rc7 40. g6 hxg6
41. hxg6
1-0

[Event "Standard chess tournament 14/2/2013"]
[Site "SchemingMind.com"]
[Date "2013.04.11"]
[Round "-"]
[White "Glenn O'Brien"]
[Black "Ebanon "]
[Result "1-0"]
[WhiteCountry "AUS"]
[BlackCountry "ESP"]
[WhiteElo "2058"]
[WhiteRD "80"]
[BlackElo "2311"]
[BlackRD "68"]
[GameID "330114"]

1. e4 c5 2. Nf3 d6 3. d4 cxd4 4. Nxd4 Nf6 5. Nc3 a6 6. Bg5 e6 7. f4 Qb6 8. Qd2 Qxb2 9. Rb1 Qa3 10. f5 Nc6
11. fxe6 fxe6 12. Nxc6 bxc6 13. e5 dxe5 14. Bxf6 gxf6 15. Ne4 Be7 16. Be2 O-O 17. Rb3 Qa4 18. c4 f5 19. O-O f4 20. g3 c5
21. Qb2 Qd7 22. Qxe5 Rf5 23. Qb2 Qd4+ 24. Qxd4 cxd4 25. gxf4 Ra5 26. Rd1 Rxa2 27. Bf3 Ra7 28. Rb8 Rc7 29. Rxd4 Kg7 30. Bd1 a5
31. Ra8 Bb7 32. Ra7 Bh4 33. Rd2 Rxd2 34. Nxd2 Kf8 35. Bf3 Rg7+ 36. Kf1 Bxf3 37. Rxg7 Kxg7 38. Nxf3 a4 39. Nd4 a3 40. Nxe6+ Kf6
41. Nd4 a2 42. Nc2 Kf5 43. c5 Kxf4 44. c6 Bd8 45. Kg2 h5 46. h3 h4 47. Kf1 Kg3 48. Ke2 Kxh3 49. Kf2 Kh2 50. Kf1 h3
51. Na1 Bb6 52. Nb3
1-0